[Event "Frankfurt-chA"]
[Site "Frankfurt"]
[Date "2018.05.14"]
[Round "3"]
[White "Staerke, Karsten"]
[Black "Manasek, Martin"]
[Result "1-0"]
[WhiteElo "1804"]
[BlackElo "1457"]
[PlyCount "111"]
[EventDate "2018.04.30"]
[EventType "swiss"]
[EventRounds "7"]
[EventCountry "GER"]
[SourceTitle "EXT 2019"]
[Source "ChessBase"]
[SourceDate "2018.10.10"]
[SourceVersion "1"]
[SourceVersionDate "2018.10.10"]
[SourceQuality "1"]

1. e4 e6 2. d4 d5 3. exd5 exd5 4. Bd3 Nf6 5. Bf4 Bd6 6. Ne2 0-0 7. 0-0 c5 8. dxc5 Bxc5 9. Bg5 h6 10. Bh4 Nc6 11. Nd2 Ne5 12. Nb3 Bb6 13. h3 Nc4 14. Rb1 Kh8 15. Nbd4 g6 16. b3 Ne5 17. Qd2 Kg7 18. Kh1 Nc6 19. c3 a6 20. Bc2 Re8 21. Rbe1 Qd7 22. Bxf6+ Kxf6 23. Qxh6 Nxd4 24. Nxd4 Bxd4 25. Qf4+ Kg7 26. Qxd4+ f6 27. Rxe8 Qxe8 28. Qxd5 Qb5 29. Rd1 Qxd5 30. Rxd5 Be6 31. Rd6 Kf7 32. Bxg6+ Kxg6 33. Rxe6 Rd8 34. Re2 Rd7 35. c4 Rc7 36. Kh2 b5 37. cxb5 axb5 38. f3 Rc6 39. g4 f5 40. Kg3 fxg4 41. hxg4 b4 42. Re4 Rb6 43. f4 Ra6 44. Rxb4 Rxa2 45. Rb6+ Kf7 46. Kh4 Ra8 47. g5 Rh8+ 48. Kg4 Rh1 49. Kf5 Rc1 50. g6+ Kg7 51. Rb7+ Kg8 52. b4 Rc8 53. Kg5 Rd8 54. f5 Kf8 55. Kh6 Kg8 56. f6 1-0

[Event "Crailsheim op 4th"]
[Site "Crailsheim"]
[Date "1998.??.??"]
[Round "?"]
[White "Staerke, Karsten"]
[Black "Fricker, Thomas"]
[Result "0-1"]
[WhiteElo "2080"]
[BlackElo "2155"]
[PlyCount "68"]
[EventDate "1998.05.??"]
[EventType "swiss"]
[EventRounds "7"]
[EventCountry "GER"]
[SourceTitle "EXT 2006"]
[Source "ChessBase"]
[SourceDate "2005.11.24"]
[SourceVersion "1"]
[SourceVersionDate "2005.11.24"]
[SourceQuality "1"]

1. e4 c5 2. c3 Nf6 3. e5 Nd5 4. d4 cxd4 5. Nf3 Nc6 6. cxd4 d6 7. Bc4 Nb6 8. Bb5 Bd7 9. exd6 e6 10. Nc3 Bxd6 11. 0-0 Nb4 12. Bg5 Be7 13. Bxe7 Qxe7 14. a3 Bxb5 15. Nxb5 N4d5 16. Qd3 0-0 17. Rfc1 a6 18. Nc3 Nf6 19. Ne4 Nxe4 20. Qxe4 Rac8 21. Qe1 Qd6 22. Rxc8 Rxc8 23. Rc1 Rc4 24. Rxc4 Nxc4 25. Qc1 b5 26. a4 Qb4 27. axb5 axb5 28. Qf4 h6 29. Qb8+ Kh7 30. Qb7 Nd6 31. Qc6 Qxb2 32. g3 Nf5 33. Qe8 Qb1+ 34. Kg2 Qe4 0-1